GETS Theological Seminary Library

漢書補注: (Record no. 20926)

MARC details
000 -LEADER
fixed length control field 00700nam a2200241Ia 4500
008 - FIXED-LENGTH DATA ELEMENTS--GENERAL INFORMATION
fixed length control field 200826s9999||||xx |||||||||||||| ||und||
020 ## - INTERNATIONAL STANDARD BOOK NUMBER
International Standard Book Number 7532547744
020 ## - INTERNATIONAL STANDARD BOOK NUMBER
International Standard Book Number 9787532547746
041 ## - LANGUAGE CODE
Language code of text/sound track or separate title chi
050 ## - LIBRARY OF CONGRESS CALL NUMBER
Classification number DS748.P38
Item number .W36 2008
100 ## - MAIN ENTRY--PERSONAL NAME
Personal name 班固
245 #0 - TITLE STATEMENT
Title 漢書補注:
Remainder of title 拾 /
Statement of responsibility, etc. 班固,王先謙著; 上海師範大學古籍整理研究所编
246 ## - VARYING FORM OF TITLE
Title proper/short title 汉书补注:
Remainder of title 十/
260 ## - PUBLICATION, DISTRIBUTION, ETC.
Place of publication, distribution, etc. 上海 :
Name of publisher, distributor, etc. 上海古籍出版社,
Date of publication, distribution, etc. 2008
300 ## - PHYSICAL DESCRIPTION
Extent 12 v.
Other physical details ;
Dimensions 21 cm.
650 ## - SUBJECT ADDED ENTRY--TOPICAL TERM
Topical term or geographic name entry element Ban, Gu, 32-92.
650 ## - SUBJECT ADDED ENTRY--TOPICAL TERM
Topical term or geographic name entry element Han Dynasty (China).
650 ## - SUBJECT ADDED ENTRY--TOPICAL TERM
Topical term or geographic name entry element Han shu (Ban, Gu).
700 ## - ADDED ENTRY--PERSONAL NAME
Personal name 王先謙
710 ## - ADDED ENTRY--CORPORATE NAME
Corporate name or jurisdiction name as entry element 上海師範大學古籍整理研究所
949 ## - LOCAL PROCESSING INFORMATION (OCLC)
v v.10
Holdings
Withdrawn status Lost status Damaged status Not for loan Home library Current library Shelving location Date acquired Total Checkouts Full call number Barcode Date last seen Price effective from Koha item type
        GETS Theological Seminary Library GETS Theological Seminary Library General Stacks 08/26/2020   DS748.P38 .W36 2008 v.10 00008534 08/26/2020 08/26/2020 Chinese Book
OpacCredits

Contact the Librarian, GETS Library
Email: library@mygets.org









Implemented by GETS Library
(Powered by ETCA Professional Group)
GETS Theological Seminary
412 E. Rowland Street, CA 91723